50 Tubes internationaux de 1970 à 2019 - Statistiques

Statistiques générales
  • Ce quiz a été pris 258 fois
  • Le résultat moyen est 17 sur 50
Statistiques - réponses
Interprètes Année Chanson % Correct
Britney Spears 1999 Baby one more time
80%
Abba 1974 Waterloo
77%
Shakira 2002 Whenever wherever
77%
Nirvana 1992 Smells like teen spirit
75%
The Cranberries 1995 Zombie
74%
Eminem 2003 Lose yourself
69%
Patrick Hernandez 1979 Born to be alive
60%
Bruno Mars 2011 Grenade
50%
Sean Paul 2006 Temperature
50%
Gotye 2012 Somebody that i used to know
49%
Scorpions 1991 Wind of change
48%
Ed Sheeran 2015 Thinking out loud
45%
Bee Gees 1978 How deep is your love
44%
Twenty one Pilots 2016 Stressed out
44%
Bruce Springsteen 1994 Streets of Philadelphia
43%
Tom Jones 2000 Sexbomb
43%
Marvin Gaye 1983 Sexual healing
42%
Usher 2004 Yeah !
40%
Stevie Wonder 1973 Superstition
38%
Shaggy 2001 It wasn't me
37%
Charlie Winston 2009 Like a hobo
35%
Janet Jackson 1998 Together again
35%
Mark Ronson & Miley Cyrus 2019 Nothing breaks like a heart
33%
Johnny Clegg & Savuka 1988 Asimbonanga
32%
Ricky Martin 1997 María
30%
Sting 1986 Russians
30%
Daniel Powter 2005 Bad day
29%
Clean Bandit & Jess Glynne 2014 Rather be
28%
Kim Wilde 1982 Cambodia
28%
Madness 1980 One step beyond
26%
Adele 2008 Chasing pavements
25%
Donna Summer 1976 Love to love you baby
25%
Beach Boys 1989 Kokomo
23%
Frankie Goes To Hollywood 1984 Relax
22%
George Harrison 1971 My sweet lord
19%
The Lumineers 2013 Ho Hey
18%
Iyaz 2010 Replay
17%
Robert Miles 1996 Children
16%
Tina Charles 1987 I love to love
16%
Ofenbach 2017 Be mine
15%
Tom Walker 2018 Leave a light on
11%
Thelma Houston 1977 Don't leave me this way
10%
Nelly Furtado 2007 All good things
9%
Al Corley 1985 Square rooms
8%
Archies 1970 Sugar sugar
8%
The Christians 1990 Words
7%
Charles & Eddie 1993 Would i lie to you
5%
Isaac Hayes 1972 Shaft
5%
Jona Lewie 1981 Stop the cavalry
4%
Billy Swan 1975 I can help
2%
Aucun quiz correspondant
Distribution des résultats
% des personnes avec chaque résultat
Percentile par nombre de réponses
Votre historique - résultats
Vous n’avez pas pris ce quiz